| 000 | 01047cam a22003257a 4500 | ||
|---|---|---|---|
| 003 | CHAP | ||
| 005 | 20220329133842.0 | ||
| 008 | 971013s1975 r 00010 d | ||
| 010 | _a11800 | ||
| 011 | _a12772 | ||
| 035 | _a16374 | ||
| 040 | _cCHAP | ||
| 082 |
_a333.09726 _bR6 |
||
| 100 | 0 | 0 |
_aRodríguez Castro, Ignacio. _998382 |
| 245 | 1 | 3 |
_aEl ejido colectivo, última esperanza _b: Plan Chontalpa |
| 260 |
_aMéxico, D.F. : _bMarcha, _c1975 |
||
| 300 | _a266 p. | ||
| 590 |
_aBATCH-UPD _b10 _c20130110 _lUCH01 _h0254 |
||
| 590 |
_aBATCH-UPD _b10 _c20130110 _lUCH01 _h2233 |
||
| 590 |
_aBATCH-UPD _b10 _c20130410 _lUCH01 _h1528 |
||
| 590 |
_aBATCH-UPD _b10 _c20130913 _lUCH01 _h2138 |
||
| 590 |
_aCONVERSION _b10 _c20130109 _lUCH01 _h1308 |
||
| 650 | 1 | 4 |
_aAgricultura cooperativa _xTabasco. _91990 |
| 650 | 1 | 4 |
_aEjidos _xTabasco. _936031 |
| 650 | 1 | 4 |
_aTierras _xTenencia _xTabasco. _9113201 |
| 710 | 0 |
_aPlan Chontalpa. México. _988657 |
|
| 901 | _aBK | ||
| 942 | _cLIBRO | ||
| 949 |
_a333.09726 R6 _bBC _cLIBRO _d33724000328498 _eLIBRO _h47642 _i16374 _si |
||
| 999 |
_c11800 _d11800 |
||